|
|
|
|
| LEADER |
01677nam a22004215i 4500 |
| 001 |
978-3-540-28971-5 |
| 003 |
DE-He213 |
| 005 |
20151204173528.0 |
| 007 |
cr nn 008mamaa |
| 008 |
100301s2006 gw | s |||| 0|eng d |
| 020 |
|
|
|a 9783540289715
|9 978-3-540-28971-5
|
| 024 |
7 |
|
|a 10.1007/3-540-28971-2
|2 doi
|
| 040 |
|
|
|d GrThAP
|
| 050 |
|
4 |
|a KJ-KKZ4999
|
| 072 |
|
7 |
|a LB
|2 bicssc
|
| 072 |
|
7 |
|a LAW051000
|2 bisacsh
|
| 082 |
0 |
4 |
|a 341.2422
|2 23
|
| 100 |
1 |
|
|a Meloni, Annalisa.
|e author.
|
| 245 |
1 |
0 |
|a Visa Policy within the European Union Structure
|h [electronic resource] /
|c by Annalisa Meloni.
|
| 264 |
|
1 |
|a Berlin, Heidelberg :
|b Springer Berlin Heidelberg,
|c 2006.
|
| 300 |
|
|
|a XII, 220 p.
|b online resource.
|
| 336 |
|
|
|a text
|b txt
|2 rdacontent
|
| 337 |
|
|
|a computer
|b c
|2 rdamedia
|
| 338 |
|
|
|a online resource
|b cr
|2 rdacarrier
|
| 347 |
|
|
|a text file
|b PDF
|2 rda
|
| 505 |
0 |
|
|a Visas in international and municipal laws -- From early cooperation to failure of the Maastricht system -- Visa policy under Amsterdam: restrictiveness and flexibility -- Consistency I: the cross-pillar nature of visa policy -- Consistency II: the ‘area of freedom, security and justice’ -- Conclusion.
|
| 650 |
|
0 |
|a Law.
|
| 650 |
|
0 |
|a International law.
|
| 650 |
|
0 |
|a European Economic Community literature.
|
| 650 |
1 |
4 |
|a Law.
|
| 650 |
2 |
4 |
|a European Law.
|
| 650 |
2 |
4 |
|a European Integration.
|
| 710 |
2 |
|
|a SpringerLink (Online service)
|
| 773 |
0 |
|
|t Springer eBooks
|
| 776 |
0 |
8 |
|i Printed edition:
|z 9783540289708
|
| 856 |
4 |
0 |
|u http://dx.doi.org/10.1007/3-540-28971-2
|z Full Text via HEAL-Link
|
| 912 |
|
|
|a ZDB-2-SHU
|
| 950 |
|
|
|a Humanities, Social Sciences and Law (Springer-11648)
|